| 000 | 00315nam a2200085Ia 4500 | ||
|---|---|---|---|
| 245 | 0 | _aThe effective investor : the definitive guide for all South Africans | |
| 100 |
_a Busetti, Franco Northcliff, South Africa, 2009 1st ed., 1st impression _986012 |
||
| 942 | _cBK | ||
| 008 | 210817s9999 xx 000 0 und d | ||
| 999 |
_c325003 _d325002 |
||